00529nam a2200193 a 4500001001300000003000900013005001700022008004100039020002300080082001700103100001700120245003100137260004200168300001000210500003500220505003400255650002900289700001700318nice12345678IN_TiNIC20260116013309.0050524s1998 dela grp 000 0 eng  a8173052 c70000a297.122bABU aAbul, Fazl M aSelections from the Quran. aDelhibAryan Book Internationalc1998 a330p. aincludes index and biblioraphy2 amasterpice library of islam-4 aQuran-Study and Teaching1 aAbul, Fazl M